Taking it off-market (Record no. 84822)

MARC details
000 -LEADER
fixed length control field 01012cab a22002055a 4500
001 - CONTROL NUMBER
control field L159175
008 - FIXED-LENGTH DATA ELEMENTS--GENERAL INFORMATION
fixed length control field 160224e2016 xxk 000 0 eng d
035 ## - SYSTEM CONTROL NUMBER
System control number (Sirsi) u159175
041 0# - LANGUAGE CODE
Language code of text/sound track or separate title eng
100 1# - MAIN ENTRY--PERSONAL NAME
Personal name Sepulveda, Francisca
245 00 - TITLE STATEMENT
Title Taking it off-market
260 ## - PUBLICATION, DISTRIBUTION, ETC.
Date of publication, distribution, etc. 2016
490 ## - SERIES STATEMENT
Series statement Estates Gazette
Volume/sequential designation (1607) 20 February 2016, 73(1)
520 ## - SUMMARY, ETC.
Summary, etc. Discusses the pros and cons of selling 'Off market' and the implications for industry. An 'Off market' transaction is the acquisition or sale of real estate which is not conducted through a public sale process and may present the purchaser with an opportunity to find greater value through greater control of the acquisition process. Notes that there are a number of advantages and disadvantages to selling assets on or off market and there is no set formula for which method will provide the best results for parties.
590 ## - LOCAL NOTE (RLIN)
Local note KA
651 #4 - SUBJECT ADDED ENTRY--GEOGRAPHIC NAME
Geographic name United Kingdom
690 ## - LOCAL SUBJECT ADDED ENTRY--TOPICAL TERM (OCLC, RLIN)
Topical term or geographic name as entry element Property management
9 (RLIN) 6262
700 1# - ADDED ENTRY--PERSONAL NAME
Personal name Wulwik, Ben
942 ## - ADDED ENTRY ELEMENTS (KOHA)
Suppress in OPAC 0
Holdings
Withdrawn status Lost status Source of classification or shelving scheme Damaged status Not for loan Home library Current library Shelving location Date acquired Total Checkouts Full call number Barcode Date last seen Copy number Price effective from Koha item type
    Dewey Decimal Classification     London London Journal article 24/02/2016   L159175 159175-1001 06/08/2019 1 06/08/2019 Journal article